| 000 | 00687nam a2200217Ia 4500 | ||
|---|---|---|---|
| 003 | OSt | ||
| 005 | 20250401164903.0 | ||
| 008 | 220923b |||||||| |||| 00| 0 eng d | ||
| 020 | _a9789380033006 | ||
| 037 | _cGeneral Book | ||
| 040 |
_aRTL _cRTL _beng |
||
| 041 |
_2eng _aeng |
||
| 100 |
_aPhophalia, A. K. _9273497 |
||
| 245 | 0 |
_aModern research methodology _b New trends and techniques. |
|
| 260 |
_aJaipur _bParadise Publishers _c2010 |
||
| 300 |
_aiii,298p _ccm. |
||
| 650 |
_aResearch methodology _9237789 |
||
| 650 |
_aA. K. Phophalia _9751712 |
||
| 942 |
_hEb4, Q0/NTI _cGB _2CC _n0 |
||
| 999 |
_c556259 _d556259 |
||